Les pays les plus peuplés du monde par ordre décroissant - Statistiques

Statistiques générales
  • Ce quiz a été pris 101 fois
  • Le résultat moyen est 24 sur 196
Statistiques - réponses
Classement Nombre habitants Continent Country % Correct
2ème 1 425 671 352 hab. ASIA Chine
100%
3ème 331 002 651 hab. NOAMER États-Unis
98%
1er 1 428 627 663 hab. ASIA Inde
98%
7ème 217 374 417 hab. SOAMER Brésil
83%
4ème 273 523 615 hab. ASIA Indonésie
80%
9ème 145 934 462 hab. EUROPA Russie
80%
10ème 128 932 753 hab. NOAMER Mexique
77%
6ème 219 505 589 hab. AFRICA Nigeria
77%
5ème 220 892 340 hab. ASIA Pakistan
68%
8ème 164 689 383 hab. ASIA Bangladesh
60%
22ème 66 043 511 hab. EUROPA France
60%
11ème 126 239 461 hab. ASIA Japon
57%
19ème 83 783 942 hab. EUROPA Allemagne
55%
21ème 67 886 011 hab. EUROPA Royaume-Uni
53%
12ème 114 963 588 hab. AFRICA Éthiopie
50%
23ème 60 628 826 hab. EUROPA Italie
50%
14ème 102 334 404 hab. AFRICA Égypte
48%
13ème 109 581 078 hab. ASIA Philippines
47%
16ème 89 561 403 hab. AFRICA R. D. Congo
43%
18ème 83 992 949 hab. ASIA Iran
40%
17ème 84 339 067 hab. ASIA Turquie
38%
30ème 46 754 778 hab. EUROPA Espagne
37%
15ème 97 338 579 hab. ASIA Viêt Nam
37%
29ème 50 882 891 hab. SOAMER Colombie
35%
24ème 59 734 218 hab. AFRICA Tanzanie
35%
20ème 69 799 978 hab. ASIA Thaïlande
35%
25ème 59 308 690 hab. AFRICA Afrique du Sud
33%
32ème 45 195 774 hab. SOAMER Argentine
30%
35ème 43 733 762 hab. EUROPA Ukraine
27%
33ème 43 851 044 hab. AFRICA Algérie
23%
39ème 37 742 154 hab. NOAMER Canada
23%
28ème 51 269 185 hab. ASIA Corée du Sud
23%
27ème 53 771 296 hab. AFRICA Kenya
23%
38ème 37 846 611 hab. EUROPA Pologne
23%
196 ème 801 hab. EUROPA Vatican
23%
26ème 54 409 800 hab. ASIA Birmanie
22%
43ème 32 971 854 hab. SOAMER Pérou
22%
36ème 40 222 493 hab. ASIA Irak
20%
55ème 25 499 884 hab. OCEANIA Australie
18%
31ème 45 741 007 hab. AFRICA Ouganda
17%
192 ème 33 931 hab. EUROPA Saint-Marin
17%
34ème 43 849 260 hab. AFRICA Soudan
17%
194 ème 11 792 hab. OCEANIA Tuvalu
17%
191 ème 38 794 hab. EUROPA Liechtenstein
15%
195 ème 10 824 hab. OCEANIA Nauru
15%
50ème 28 435 940 hab. SOAMER Venezuela
15%
186ème 77 265 hab. EUROPA Andorre
13%
41ème 34 813 871 hab. ASIA Arabie Saoudite
13%
40ème 36 910 560 hab. AFRICA Maroc
13%
190 ème 38 968 hab. EUROPA Monaco
13%
44ème 32 866 272 hab. AFRICA Angola
12%
67ème 17 643 054 hab. SOAMER Équateur
12%
66ème 17 915 568 hab. NOAMER Guatemala
12%
193 ème 18 094 hab. OCEANIA Palaos
12%
80ème 11 673 021 hab. SOAMER Bolivie
10%
63ème 19 116 201 hab. SOAMER Chili
10%
188 ème 59 190 hab. OCEANIA Îles Marshall
10%
61ème 19 237 691 hab. EUROPA Roumanie
10%
37ème 38 928 346 hab. ASIA Afghanistan
8%
81ème 11 589 623 hab. EUROPA Belgique
8%
87ème 10 423 054 hab. EUROPA Grèce
8%
82ème 11 402 528 hab. NOAMER HaÏti
8%
69ème 17 134 872 hab. EUROPA Pays-Bas
8%
89ème 10 196 709 hab. EUROPA Portugal
8%
184ème 98 347 hab. AFRICA Seychelles
8%
183ème 105 695 hab. OCEANIA Tonga
8%
185ème 97 929 hab. NOAMER Antigua-et-Barbuda
7%
181ème 112 523 hab. NOAMER Grenade
7%
179ème 119 449 hab. OCEANIA Kiribati
7%
42ème 33 469 203 hab. ASIA Ouzbékistan
7%
189 ème 53 199 hab. NOAMER Saint-Christophe-et-Niévès
7%
52ème 26 545 863 hab. AFRICA Cameroun
5%
53ème 26 378 274 hab. AFRICA Cote d'Ivoire
5%
83ème 11 326 616 hab. NOAMER Cuba
5%
187ème 71 986 hab. NOAMER Dominique
5%
47ème 31 072 940 hab. AFRICA Ghana
5%
51ème 27 691 018 hab. AFRICA Madagascar
5%
60ème 20 250 833 hab. AFRICA Mali
5%
180ème 115 023 hab. OCEANIA Micronésie
5%
46ème 31 255 435 hab. AFRICA Mozambique
5%
49ème 29 136 808 hab. ASIA Népal
5%
85ème 10 847 910 hab. NOAMER République Dominicaine
5%
86ème 10 708 981 hab. EUROPA République Tchèque
5%
77ème 12 123 200 hab. AFRICA Bénin
3%
59ème 20 903 273 hab. AFRICA Burkina Faso
3%
78ème 11 890 784 hab. AFRICA Burundi
3%
71ème 16 718 965 hab. ASIA Cambodge
3%
54ème 25 778 816 hab. ASIA Corée du Nord
3%
159ème 896 445 hab. OCEANIA Fidji
3%
75ème 13 132 795 hab. AFRICA Guinée
3%
173ème 341 243 hab. EUROPA Islande
3%
88ème 10 203 134 hab. ASIA Jordanie
3%
64ème 18 776 707 hab. ASIA Kazakhstan
3%
45ème 32 365 999 hab. ASIA Malaisie
3%
62ème 19 129 952 hab. AFRICA Malawi
3%
169ème 441 543 hab. EUROPA Malte
3%
56ème 24 206 644 hab. AFRICA Niger
3%
98ème 8 947 024 hab. OCEANIA Papouasie-Nouvelle-Guinée
3%
76ème 12 952 218 hab. AFRICA Rwanda
3%
178ème 183 627 hab. NOAMER Sainte-Lucie
3%
182ème 110 940 hab. NOAMER Saint-Vincent-et-les Grenadines
3%
177ème 198 414 hab. OCEANIA Samoa
3%
176ème 219 159 hab. AFRICA São Tomé-et-Principe
3%
70ème 16 743 927 hab. AFRICA Sénégal
3%
73ème 15 893 222 hab. AFRICA Somalie
3%
84ème 11 193 725 hab. AFRICA Soudan du Sud
3%
58ème 21 413 249 hab. ASIA Sri Lanka
3%
91ème 10 099 265 hab. EUROPA Suède
3%
68ème 17 500 658 hab. ASIA Syrie
3%
57ème 23 816 775 hab. ASIA Taïwan
3%
72ème 16 425 864 hab. AFRICA Tchad
3%
79ème 11 818 619 hab. AFRICA Tunisie
3%
174ème 307 145 hab. OCEANIA Vanuatu
3%
48ème 29 825 964 hab. ASIA Yémen
3%
65ème 18 383 955 hab. AFRICA Zambie
3%
74ème 14 862 924 hab. AFRICA Zimbabwe
3%
175ème 287 375 hab. NOAMER Barbades
2%
96ème 9 449 323 hab. EUROPA Biélorussie
2%
170ème 437 479 hab. ASIA Brunei
2%
106ème 6 948 445 hab. EUROPA Bulgarie
2%
92ème 9 904 607 hab. NOAMER Honduras
2%
165ème 625 978 hab. EUROPA Luxembourg
2%
164ème 628 066 hab. EUROPA Monténégro
2%
101ème 8 654 622 hab. EUROPA Suisse
2%
138ème 2 877 797 hab. EUROPA Albanie
0%
135ème 2 963 243 hab. ASIA Arménie
0%
97ème 9 006 398 hab. EUROPA Autriche
0%
90ème 10 139 177 hab. ASIA Azerbaïdjan
0%
172ème 393 244 hab. NOAMER Bahamas
0%
150ème 1 701 575 hab. ASIA Bahreïn
0%
171ème 397 628 hab. NOAMER Belize
0%
162ème 771 608 hab. ASIA Bhoutan
0%
133ème 3 280 819 hab. EUROPA Bosnie-Herzégovine
0%
142ème 2 351 627 hab. AFRICA Botswana
0%
167ème 555 987 hab. AFRICA Cap-Vert
0%
156ème 1 207 359 hab. ASIA Chypre
0%
160ème 869 601 hab. AFRICA Comores
0%
116ème 5 518 087 hab. AFRICA Congo
0%
120ème 5 094 118 hab. NOAMER Costa Rica
0%
128ème 4 105 267 hab. EUROPA Croatie
0%
114ème 5 792 202 hab. EUROPA Danemark
0%
158ème 988 000 hab. AFRICA Djibouti
0%
93ème 9 890 402 hab. ASIA Émirats arabes unis
0%
131ème 3 546 421 hab. AFRICA Érythrée
0%
153ème 1 326 535 hab. EUROPA Estonie
0%
157ème 1 160 164 hab. AFRICA Eswatini
0%
115ème 5 540 720 hab. EUROPA Finlande
0%
143ème 2 225 734 hab. AFRICA Gabon
0%
141ème 2 416 668 hab. AFRICA Gambie
0%
130ème 3 989 167 hab. ASIA Géorgie
0%
147ème 1 968 001 hab. AFRICA Guinée-Bissau
0%
151ème 1 402 985 hab. AFRICA Guinée équatoriale
0%
161ème 786 552 hab. SOAMER Guyana
0%
94ème 9 660 351 hab. EUROPA Hongrie
0%
163ème 686 884 hab. OCEANIA Îles Salomon
0%
122ème 4 937 786 hab. EUROPA Irlande
0%
100ème 8 655 535 hab. ASIA Israël
0%
136ème 2 961 167 hab. NOAMER Jamaïque
0%
110ème 6 524 195 hab. ASIA Kirghizistan
0%
148ème 1 920 079 hab. EUROPE Kosovo
0%
127ème 4 270 571 hab. ASIA Koweït
0%
104ème 7 275 560 hab. ASIA Laos
0%
144ème 2 142 249 hab. AFRICA Lesotho
0%
149ème 1 886 198 hab. EUROPA Lettonie
0%
108ème 6 825 445 hab. ASIA Liban
0%
121ème 5 057 681 hab. AFRICA Libéria
0%
107ème 6 871 292 hab. AFRICA Libye
0%
139ème 2 722 289 hab. EUROPA Lituanie
0%
145ème 2 083 374 hab. EUROPA Macédoine du Nord
0%
168ème 540 544 hab. ASIA Maldives
0%
155ème 1 271 768 hab. AFRICA Maurice
0%
125ème 4 649 658 hab. AFRICA Mauritanie
0%
129ème 4 033 963 hab. EUROPA Moldavie
0%
134ème 3 278 290 hab. ASIA Mongolie
0%
140ème 2 540 905 hab. AFRICA Namibie
0%
109ème 6 624 554 hab. NOAMER Nicaragua
0%
118ème 5 421 241 hab. EUROPA Norvège
0%
124ème 4 822 233 hab. ASIA Nouvelle-Zélande
0%
119ème 5 106 626 hab. ASIA Oman
0%
126ème 4 314 767 hab. NOAMER Panamá
0%
105ème 7 132 538 hab. SOAMER Paraguay
0%
137ème 2 881 053 hab. ASIA Qatar
0%
123ème 4 829 767 hab. AFRICA République centrafricaine
0%
111ème 6 486 205 hab. NOAMER Salvador
0%
99ème 8 737 371 hab. EUROPA Serbie
0%
103ème 7 976 983 hab. AFRICA Sierra Leone
0%
113ème 5 850 342 hab. ASIA Singapour
0%
117ème 5 459 642 hab. EUROPA Slovaquie
0%
146ème 2 078 938 hab. EUROPA Slovénie
0%
166ème 586 632 hab. SOAMER Suriname
0%
95ème 9 537 645 hab. ASIA Tadjikistan
0%
154ème 1 318 445 hab. ASIA Timor Oriental
0%
102ème 8 278 724 hab. AFRICA Togo
0%
152ème 1 399 488 hab. NOAMER Trinité-et-Tobago
0%
112ème 6 031 200 hab. ASIA Turkménistan
0%
132ème 3 473 730 hab. SOAMER Uruguay
0%
Aucun quiz correspondant
Distribution des résultats
% des personnes avec chaque résultat
Percentile par nombre de réponses
Votre historique - résultats
Vous n’avez pas pris ce quiz